000 02958cas a2200637 i 4500
999 _c531983
_d531983
001 12655116
003 NUST
005 20191105152719.0
008 780329c19559999pauar 0 a0eng c
010 _a 2002207006
_z 55014722
_z 58003709
_z 63005674
_z 66009160
_z 68001112
_z 70031256
_z 73159692
_z 73179195
_z 75330781
_z 76380738
_z 77007503
_z 78101741
_z 78111654
_z 79019027
_z 80112368
_z 83138899
_z 83152841
_z 84220633
_z 84236194
022 0 _a1540-0247
_l1540-0247
_y0192-2998
_21
035 _a(OCoLC)ocm03759015
037 _bASTM, 100 Barr Harbor Drive, P.O. Box C700, West Conshohocken, PA 19428
038 _aMSOHAIL
040 _aFUG
_beng
_cFUG
_dOCL
_dDLC
_dNSD
_dDLC
_dOCLCQ
_dWAU
_dOCLCF
_dOCLCO
_dOCLCQ
042 _apcc
_ansdp
043 _an-us---
050 0 0 _aTA404.5
_b.A885
082 1 0 _a691
_213
210 1 _aASTM stand. build. codes
222 0 _aASTM standards in building codes
245 0 0 _aASTM standards in building codes.
246 3 0 _aStandards in building codes
246 3 0 _aBuilding codes
250 _a47th edi
260 _aPhiladelphia, Pa. :
_bAmerican Society for Testing Materials,
_c1955-
300 _aP;2441 :
_billustrations ;
_c24-28 cm
310 _aAnnual,
_b<1969->
321 _aIrregular,
_b1955-<1966>
336 _atext
_btxt
_2rdacontent
337 _aunmediated
_bn
_2rdamedia
338 _avolume
_bnc
_2rdacarrier
362 0 _a[1st] (1955)-
500 _aSubtitle varies slightly.
515 _aVolumes for 1955-1958 unnumbered but constitutes 1st-2d ed.; 1963-1966 called 2d-4th eds.
515 _aVolumes for 1975- published in 2 or 4 vols.
525 _a1955-<1958> kept up to date by supplements.
530 _aAlso issued online.
550 _aVolumes for 1955-1958 published by: American Society for Testing Materials; <1963-> by American Society for Testing and Materials.
588 _aLatest issue consulted: 38th ed. (2001).
650 0 _aBuilding materials
_xStandards
_zUnited States.
_925224
650 0 _aBuilding materials
_xTesting
_xStandards
_zUnited States.
_925225
650 0 _aBuildings
_vSpecifications
_zUnited States.
_925226
650 7 _aBuilding materials
_xStandards.
_2fast
_0(OCoLC)fst00840759
_925227
650 7 _aBuilding materials
_xTesting
_xStandards.
_2fast
_0(OCoLC)fst00840764
_925228
650 7 _aBuildings.
_2fast
_0(OCoLC)fst00840962
_925221
651 7 _aUnited States.
_2fast
_0(OCoLC)fst01204155
_97952
655 7 _aSpecifications.
_2fast
_0(OCoLC)fst01423860
_925222
710 2 _aAmerican Society for Testing Materials.
_925223
710 2 _aAmerican Society for Testing and Materials.
_96033
776 0 8 _iOnline version:
_tASTM standards in building codes
_w(OCoLC)565236028
906 _a7
_bcbc
_cserials
_d2
_encip
_f20
_gn-oclcserc
942 _2ddc
_cBK